000
00369nam a22001577a 4500
003
MPLRDC
005
20220104143213.0
008
210129b ||||| |||| 00| 0 eng d
082
_a
429.1 YHD
100
_a
严浩德编著
245
_a
青年性知识
_c
260
_a
_b
香港得利书局
_c
1981
300
_b
平
650
_a
性知识
942
_c
BK
_o
429.1 YHD
999
_c
37616
_d
37606